000 00573nam a22002177a 4500
003 UA-OsUOA
001 124412
007 ta
008 20170810b un ||||| |||| 00| 0 ukr d
100 _aЛукас Е.
090 _a32
_bЛ84
942 _cSA
040 _aUA-OsUOA
_bfre
_cUA-OsUOA
_dUA-OsUOA
245 _aЄвробюрократи й американські санкції
300 _aС.37-39
955 _a0
041 _afre
080 _a32
773 0 _w124411
_tУкраїнський тиждень
_dК.
_d2017
_g31
650 7 _a32 Політика
_2UDC
999 _c411558
_d411558